Etika podnikání.
Podnikanie ako zmluva a agenda etických hľadísk podnikania. Poruchy a chyby v etických aspektoch systému rozhodovania podnikateľa. Špeciálne univerzity a výskumné strediská podnikateľskej etiky v Európe. Činnosť organizácie Európska sieť etiky podnikania.
Gespeichert in:
| 1. Verfasser: | |
|---|---|
| Format: | Buchkapitel |
| Sprache: | Tschechisch |
| Schlagworte: | |
| Tags: |
Keine Tags, Fügen Sie das erste Tag hinzu!
|
MARC
| LEADER | 00000naa a2200000 4500 | ||
|---|---|---|---|
| 001 | r012710 | ||
| 005 | 20220826093353.7 | ||
| 041 | 0 | |a cze | |
| 044 | |a CZ | ||
| 245 | 1 | 0 | |a Etika podnikání. |c J. Kapr |
| 520 | |a Podnikanie ako zmluva a agenda etických hľadísk podnikania. Poruchy a chyby v etických aspektoch systému rozhodovania podnikateľa. Špeciálne univerzity a výskumné strediská podnikateľskej etiky v Európe. Činnosť organizácie Európska sieť etiky podnikania. | ||
| 610 | 2 | 0 | |a etika |
| 610 | 2 | 0 | |a podnikanie |
| 610 | 2 | 0 | |a podnikatelia |
| 610 | 2 | 0 | |a Európa |
| 100 | 1 | |a Kapr, J. | |